Bairros do Recife em um mapa - Statistics

Estatísticas Gerais
  • Esse quiz foi jogado 391 vezes
  • A pontuação média é 51 de 94
Respostas no mapa
Respostas codificadas por cores de uma escala verde-vermelha no mapa do quiz de acordo com a % correta abaixo.
 
Estatísticas das Respostas
Bairro % Correto
Boa Viagem
94%
Casa Amarela
87%
Recife
87%
Pina
86%
Ibura
85%
Aflitos
82%
Casa Forte
82%
Varzea
81%
Arruda
78%
Boa Vista
78%
Imbiribeira
78%
Torre
78%
Brasília Teimosa
75%
Afogados
74%
Caxangá
73%
Ilha do Leite
73%
Ilha do Retiro
71%
Graças
70%
Ipsep
70%
Madalena
70%
Santo Amaro
70%
Dois Irmãos
69%
Macaxeira
69%
Derby
67%
Espinheiro
66%
Beberibe
65%
Guabiraba
65%
Joana Bezerra
65%
Cidade Universitária
64%
Cordeiro
62%
São José
62%
Apipucos
61%
Areias
61%
Barro
59%
Iputinga
59%
Jaqueira
59%
Jardim São Paulo
59%
Curado
57%
Jordão
57%
San Martin
57%
Torrões
57%
Vasco da Gama
56%
Campo Grande
55%
Dois Unidos
55%
Linha do TIro
54%
Zumbi
54%
Bomba do Hemetério
53%
Nova Descoberta
53%
Agua Fria
52%
Torreão
52%
Engenho do Meio
51%
Parnamirim
51%
Passarinho
51%
Poço da Panela
51%
Santo Antônio
51%
Tamarineira
51%
Encruzilhada
50%
Mustardinha
49%
Alto do Mandu
48%
Coelhos
46%
Cohab
46%
Tejipió
46%
Totó
46%
Alto José do Pinho
44%
Alto José Bonifácio
43%
Morro da Conceição
43%
Peixinhos
43%
Alto Santa Teresinha
42%
Estância
42%
Córrego do Jenipapo
40%
Paissandu
40%
Santana
40%
Rosarinho
39%
Bongi
38%
Cajueiro
38%
Coqueiral
37%
Monteiro
37%
Pau Ferro
37%
Prado
37%
Sítio dos Pintos
37%
Cabanga
36%
Hipódromo
35%
Mangueira
35%
Jiquiá
34%
Soledade
33%
Caçote
31%
Campina do Barreto
31%
Brejo da Guabiraba
30%
Fundão
30%
Sancho
30%
Mangabeira
26%
Ponto de Parada
25%
Porto da Madeira
25%
Brejo do Beberibe
22%
Nenhum quiz correspondente encontrado
Distribuição das Pontuações
Porcentagem de Pessoas com Cada Pontuação
Percentil de Números Respondidos
Sua Pontuação Histórica
Você não jogou esse quiz